00540nam a2200157 a 4500001001000000003000900010005001700019007000300036008004100039040002500080082001400105110006400119245008900183260006400272300004600336000027635DO-SdBNP20241206085813.0ta110401s2002 dr ac 000 0 spa d aDO-SdBNPbspacBNPHU 4bR426r2221 aRepública Dominicana.bSecretaría de Estado de la Mujer10aSecretaría de Estado de la Mujer :brendición de cuentas 16 de agosto 2001-2002. aSanto Domingo :bSecretaría de Estado de la Mujer,c2002. a72, [2] p. :bil., mapas, retrs ;c32 cm.